Konjunkturní situace hospodářství vyspělých zemí a její výhled

Rast hrubého domáceho produktu v krajinách OECD za 3. štvrťrok. Zvýšenie priemyselnej výroby za sledované obdobie. Miera nezamestnanosti. Súkromná spotreba. Miera inflácie. Medzinárodný obchod. Medzinárodné finančné trhy. Prognóza hospodárskeho vývoja krajín OECD.

Gespeichert in:
Bibliographische Detailangaben
Format: Buchkapitel
Sprache:Tschechisch
Schlagworte:
Tags: Tag hinzufügen
Keine Tags, Fügen Sie das erste Tag hinzu!

MARC

LEADER 00000naa a2200000 4500
001 r019025
005 20221205102211.4
041 0 |a cze 
044 |a CZ 
245 1 0 |a Konjunkturní situace hospodářství vyspělých zemí a její výhled 
520 |a Rast hrubého domáceho produktu v krajinách OECD za 3. štvrťrok. Zvýšenie priemyselnej výroby za sledované obdobie. Miera nezamestnanosti. Súkromná spotreba. Miera inflácie. Medzinárodný obchod. Medzinárodné finančné trhy. Prognóza hospodárskeho vývoja krajín OECD. 
610 2 0 |a rozvoj hospodársky 
610 2 0 |a júl-september 
610 2 0 |a 1995 
610 2 0 |a produkt domáci hrubý 
610 2 0 |a OECD 
610 2 0 |a výroba priemyselná 
610 2 0 |a miera nezamestnanosti 
610 2 0 |a miera inflácie 
610 2 0 |a spotreba 
610 2 0 |a obchod medzinárodný 
610 2 0 |a trh finančný 
610 2 0 |a prognózy hospodárske